000 00330nam a22001457a 4500
008 221110b ||||| |||| 00| 0 eng d
020 _a9780803611399
041 _aeng
080 _23RD EDITION
_a610.73
082 _a610.73
100 _a7
101 _aINF
245 _aTHERAPEUTIC MODALITIES
_cSTARKEY CH
942 _2udc
_cBK
999 _c58846
_d58846